Tratado práctico de derecho del trabajo

שמור ב:
מידע ביבליוגרפי
מחבר ראשי: Krotoschin, Ernesto (Author)
פורמט: ספר
שפה:ספרדית
יצא לאור: Buenos Aires Depalma 1965
מהדורה:2a. ed
נושאים:
תגים: הוספת תג
אין תגיות, היה/י הראשונ/ה לתייג את הרשומה!

MARC

LEADER 00000nam a2200000 a 4500
001 UCY6750
003 CL-VaPUC
008 950602e19650000AG |||||||||||||||||spa|d
082 0 4 |a 344.01  |b KRO  |2 21 
100 |a Krotoschin, Ernesto  |e author  |9 336809 
245 1 0 |a Tratado práctico de derecho del trabajo 
250 |a 2a. ed 
300 |a 2 v 
942 |c BK 
945 |d 19950602 00:00:00  |a aalvarez 
260 |a Buenos Aires  |b Depalma  |c 1965 
650 7 |a DERECHO LABORAL  |2 CL-VaPUC  |9 15 
650 7 |a CONTRATO DE TRABAJO  |2 CL-VaPUC  |9 336810 
650 7 |a CONTRATOS COLECTIVOS DE TRABAJO  |2 CL-VaPUC  |9 255033 
583 |a last modification  |c 20170711 04:20:27  |k Rodrigo Vera 
999 |c 234270  |d 234268 
952 |0 0  |1 0  |4 0  |6 344_010000000000000_KRO_1965  |7 0  |8 A  |9 240361  |a BIBDER  |b BIBDER  |d 2019-11-18  |h v.1  |i 2001594  |o 344.01 KRO 1965  |p 2001594  |r 2023-01-25  |w 2019-11-18  |y BK  |k DER 
952 |0 0  |1 0  |4 0  |6 344_010000000000000_KRO_1965  |7 0  |8 A  |9 240362  |a BIBDER  |b BIBDER  |d 2019-11-18  |h v.2  |i 200142K  |l 1  |o 344.01 KRO 1965  |p 200142K  |r 2023-07-06  |s 2023-06-29  |w 2019-11-18  |y BK  |k DER 
952 |0 0  |1 0  |4 0  |6 344_010000000000000_KRO_1965  |7 0  |8 A  |9 240363  |a BIBDER  |b BIBDER  |d 2019-11-18  |h sup  |i 1846647  |o 344.01 KRO 1965  |p 1846647  |r 2023-01-25  |w 2019-11-18  |y BK  |k DER